000 02452cad a22003135a 4500
001 ##L123666
008 090409e20090403xxk 000 0 eng u
020 _a9781842191682
035 _a(Sirsi) u123666
041 0 _aeng
050 0 4 _a333.33 $2 18
110 2 _aRoyal Institution of Chartered Surveyors
_94900
245 0 0 _aService charge residential management code
_band additional advice to landlords, tenants and agents
_h[old edition]
250 _a2nd ed.
260 _aLondon
_bRICS
_c2009
300 _a70p.
_c30cm.
490 0 _aRICS Guidance Note
505 2 _aService charges -- Ground rent and administration charges -- Accounting for other peoples' money -- Reserve funds -- Accounting for service charges and auditing of service charge accounts -- Contractors and repairs -- Insurance -- Provision and information -- Complaints about property managers
520 _aThis code is approved by the Secretary of State for England under the terms of the Leasehold Reform, Housing and Urban Development Act 1993 S87. It was first published in 1997 and the Code has been updated to incorporate the provisions of the Commonhold and Leasehold Reform Act 2002 (where implemented). The Code has been prepared to promote good practice in the management of residential leasehold property where a service charge is payable and the landlord is not a public sector authority or Registered Social Landlord. It does not apply to commonhold. Readers of this Code will note that it contains many references to the Commonhold and Leasehold Reform Act 2002. It should be noted that some sections of this Act have not, as yet, been implemented. It is understood that further sections of the Act may be implemented during 2009. RICS expects to issue updates to the Code in order to reflect any such changes. Addendum Reference to paragraph 5.10 at paragraph 4.6(b) should be deleted.
520 _aSuperseded by 3rd edition (ISBN 9781783211418). ARCHIVED 31 MAY 2016
521 _aAdvanced
590 _aKA
650 2 4 _aLEASEHOLD REFORM, HOUSING AND URBAN DEVELOPMENT ACT 1993 S87
650 2 4 _aCOMMONHOLD AND LEASEHOLD REFORM ACT 2002
651 4 _aEngland and Wales
_y1543-
690 _aPROPERTY-LANDLORD AND TENANT-SERVICE CHARGES
856 4 1 _uhttps://www.isurv.com/downloads/file/6837/archive_service_charge_residential_management_code_2nd_edition_april_2009-may_2016
_zArchived on isurv (subscription required)
942 _n0
_2ddc
999 _c103084
_d103084